00989naa#a2200205#i#4500001001600000005001700016011001400033100004100047102000700088200017100095210005800266215001100324608004500335675018500380700005600565700004800621700005200669700005000721856001200771RU\\bibl\12452620260602060056.2##a2588-0209##a20260601b2026####ek#y0rusy0150####ca##aRU1#aЭнергосбережение ходовой системы широкозахватной дождевальной машиныeЖурнальная статья1#aМоскваcЭлектронная наукаd2026##a24 с.##aЖурнальная статья2local##aУстройства для опрыскивания. Дождевальные аппараты. Стволы дождевальных аппаратов. Насадки. 631.347.3#1aРязанцевgАнатолий Иванович#1aЕвсеевgЕвгений Юрьевич#1aАнтиповgАлексей Олегович#1aМалькоgИгорь Валерьевич4#aiacj.ru